000 00446nam a22001457a 4500
005 20161115153045.0
008 161115b xxu||||| |||| 00| 0 eng d
040 _cPK-LaUMT
082 _aMSC 928.91439
_bNAZ-M
100 _aنظیر حسین زیدی
245 _aمولانا ظفر علی خاں
_bاحوال و آثار
_cنظیر حسین زیدی
260 _aلاہور
_bمجلس ترقی ادب
_c2010
300 _a290 ص
942 _cBK
999 _c88714
_d88714